[Event "FRA-ch U14"]
[Site "Saint Paul Trois Chateaux"]
[Date "2013.04.28"]
[Round "1"]
[White "Stark, Antoine"]
[Black "Roque, Gaetan"]
[Result "0-1"]
[WhiteElo "1655"]
[BlackElo "1904"]
[PlyCount "42"]
[EventDate "2013.04.28"]
[EventType "swiss"]
[EventRounds "9"]
[EventCountry "FRA"]
[SourceTitle "CBM 154 Extra"]
[Source "ChessBase"]
[SourceDate "2013.06.25"]
[SourceVersion "2"]
[SourceVersionDate "2013.06.25"]
[SourceQuality "1"]

1. d4 Nf6 2. c4 e6 3. Nc3 Bb4 4. a3 Bxc3+ 5. bxc3 0-0 6. Nf3 d6 7. Bg5 Nbd7 8. e3 e5 9. Bxf6 Qxf6 10. Bd3 Qe7 11. e4 f5 12. 0-0 f4 13. h3 b6 14. a4 Nf6 15. Nd2 Bd7 16. Kh2 h6 17. g4 Nxg4+ 18. hxg4 Qh4+ 19. Kg1 f3 20. Nxf3 Qxg4+ 21. Kh1 Rxf3 0-1